Library science : (Record no. 122573)

MARC details
000 -LEADER
fixed length control field 00770nam a22002417a 4500
005 - DATE AND TIME OF LATEST TRANSACTION
control field 20170124105912.0
010 ## - LIBRARY OF CONGRESS CONTROL NUMBER
LC control number B-125441
020 ## - INTERNATIONAL STANDARD BOOK NUMBER
Terms of availability 740.00
International Standard Book Number 8179080056
035 ## - SYSTEM CONTROL NUMBER
System control number B-125441
037 ## - SOURCE OF ACQUISITION
Source of stock number/acquisition Cen Lib/Ret
040 ## - CATALOGING SOURCE
Original cataloging agency DPL
Language of cataloging EN
082 ## - DEWEY DECIMAL CLASSIFICATION NUMBER
Classification number 020
Item number BAR
100 ## - MAIN ENTRY--PERSONAL NAME
Personal name Baruah, Arunima
9 (RLIN) 857
245 ## - TITLE STATEMENT
Title Library science :
Statement of responsibility, etc by Arunima Baruah; edited by M.H. Syed
Remainder of title prospect in 21st century /
260 ## - PUBLICATION, DISTRIBUTION, ETC. (IMPRINT)
Place of publication, distribution, etc New Delhi
Name of publisher, distributor, etc Kilaso Books
Date of publication, distribution, etc 2004
270 ## - ADDRESS
City New Delhi
Address 2/19, Ansari road, Daryaganj
Postal code 110002
300 ## - PHYSICAL DESCRIPTION
Extent x,304p.
Dimensions 20cm(Hb)
500 ## - GENERAL NOTE
General note Includes bibliography references
650 ## - SUBJECT ADDED ENTRY--TOPICAL TERM
Topical term or geographic name as entry element Library science
Chronological subdivision
9 (RLIN) 107226
650 ## - SUBJECT ADDED ENTRY--TOPICAL TERM
Topical term or geographic name as entry element Library science
Chronological subdivision 21st century
9 (RLIN) 859
700 ## - ADDED ENTRY--PERSONAL NAME
Personal name Syed, M.H.
9 (RLIN) 107227
942 ## - ADDED ENTRY ELEMENTS (KOHA)
Source of classification or shelving scheme Dewey Decimal Classification
Koha item type English Books
Classification part 020
Call number suffix BAR
Holdings
Withdrawn status Lost status Damaged status Not for loan Collection code Home library Current library Date acquired Source of acquisition Cost, normal purchase price Total Checkouts Full call number Barcode Date last seen Copy number Cost, replacement price Price effective from Koha item type
      Not For Loan Reference Central Library Central Library 28/05/2015 Cen Lib/Ret 740.00   020 BAR B-125441 28/05/2015 1 740.00 28/05/2015 English Books

© Delhi Public Library
Hit Counter
free hit counter